|
|
|
|
| LEADER |
01785nam a22003257a 4500 |
| 001 |
42631 |
| 003 |
BD-DhAAL |
| 008 |
240519r20242018xxua|||| |||| 00| 0 eng d |
| 020 |
|
|
|a 9781980390978
|
| 020 |
|
|
|a 1980390975
|
| 040 |
|
|
|a BD-DhAAL
|c BD-DhAAL
|
| 082 |
|
|
|a 005.8
|2 23
|
| 100 |
|
|
|a Norman, Alan T.
|9 25161
|
| 245 |
|
|
|a Computer hacking beginners guide :
|b how to hack wireless network, basic security and penetration testing, Kali Linux, your first hack /
|c Alan T. Norman.
|
| 246 |
|
|
|a Hacking, computer hacking beginners guide how to hack wireless network, basic security and penetration testing, Kali Linux, your first hack
|
| 264 |
|
|
|a [United States] :
|b [publisher not identified],
|c c[2018] [printing 2024].
|
| 300 |
|
|
|a 165 pages :
|b illustrations ;
|c 23 cm.
|
| 520 |
|
|
|a This book covers the basics of everything you need to know about hacking.
|
| 526 |
|
|
|a CSE
|
| 541 |
|
|
|a Trim Education
|e 42631, 42632, 42633
|
| 650 |
|
|
|a Computer security.
|
| 650 |
|
|
|a Hacking.
|9 25163
|
| 650 |
|
|
|a Computer programming.
|
| 650 |
|
|
|a Computer science.
|
| 852 |
|
|
|a Ayesha Abed Library
|c General Stacks
|
| 942 |
|
|
|2 ddc
|c BK
|
| 999 |
|
|
|c 46651
|d 46651
|
| 952 |
|
|
|0 0
|1 0
|2 ddc
|4 0
|6 005_800000000000000_NOR
|7 0
|9 75517
|a BRACUL
|b BRACUL
|c GEN
|d 2024-05-19
|e Trim Education
|g 2500.00
|l 1
|m 30
|o 005.8 NOR
|p 3010042632
|q 2025-09-18
|r 2024-05-29
|s 2024-05-29
|t 2
|v 2500.00
|w 2024-05-19
|y BK
|
| 952 |
|
|
|0 0
|1 0
|2 ddc
|4 0
|6 005_800000000000000_NOR
|7 0
|9 75518
|a BRACUL
|b BRACUL
|c GEN
|d 2024-05-19
|e Trim Education
|g 2500.00
|l 11
|m 56
|o 005.8 NOR
|p 3010042633
|q 2026-06-02
|r 2025-12-14
|s 2025-12-14
|t 3
|v 2500.00
|w 2024-05-19
|y BK
|
| 952 |
|
|
|0 0
|1 0
|2 ddc
|4 0
|6 005_800000000000000_NOR
|7 0
|9 75519
|a BRACUL
|b BRACUL
|c GEN
|d 2024-05-19
|e Trim Education
|g 2500.00
|l 5
|m 43
|o 005.8 NOR
|p 3010042631
|r 2026-01-27
|s 2025-12-15
|t 1
|v 2500.00
|w 2024-05-19
|y BK
|